Guess the 1970s song lyrics #36 - Statistics

General Stats
  • This quiz has been taken 25 times
  • The average score is 209 of 317
Answer Stats
Answer % Correct
I
100%
the
100%
The
100%
a
95%
in
95%
You
95%
and
91%
And
91%
go
91%
is
91%
me
91%
on
91%
it
86%
my
86%
so
86%
for
82%
For
82%
that
82%
When
82%
know
77%
of
77%
to
77%
you're
77%
at
73%
If
73%
It's
73%
it's
73%
life
73%
there
73%
time
73%
Time
73%
one
68%
they
68%
was
68%
feel
64%
like
64%
want
64%
are
59%
But
59%
change
59%
don't
59%
I've
59%
out
59%
Out
59%
that's
59%
Well
59%
now
55%
Now
55%
Oh
55%
Yeah
55%
yeah
55%
never
50%
there's
50%
There's
50%
thing
50%
Yes
50%
yes
50%
been
45%
best
45%
spend
45%
those
45%
alone
41%
people
41%
sea
41%
their
41%
water
41%
cool
36%
feeling
36%
kind
36%
They're
36%
clear
32%
let
32%
Let
32%
lover
32%
Sailing
32%
born
27%
care
27%
may
27%
ways
27%
bright
23%
full
23%
missing
23%
moon
23%
sign
23%
sometimes
23%
albatross
18%
brothers
18%
lots
18%
prearranged
18%
showing
18%
Staring
18%
air
14%
sound
14%
breathe
9%
friendly
9%
inspiration
9%
lose
9%
romantic
9%
selfish
9%
special
9%
whales
9%
No matching quizzes found
Score Distribution
Percent of People with Each Score
Percentile by Number Answered
Your Score History
You have not taken this quiz